000 00541nam a2200193Ia 4500
003 GCL
008 140319s9999 xx 000 0 eng d
040 _aGCL /
_cGCL
082 0 4 _a155.5
_bE A
100 1 _aEMLER, NICHOLAS
245 1 0 _aADOLESCENCE AND DELINQUENCY: THE COLLECTIVE MANAGEMENT OF REPUTATION /
_cEMLER, NICHOLAS
700 1 _aREICHER, STEPHEN
260 _a[S.N] :
_bBLACK WELL PUBLISHERS ،
_c1995
300 _a267 P
650 0 4 _aADOLESCENCE
650 0 4 _aSOCIAL CONTROL
650 0 4 _aYOUNG PEOPLE
942 _2ddc
_cBK
999 _c13882
_d13882